000 00761cab a2200241 4500
001 WB3203-42
008 090401t1996 xxu||||| |||| 00| 0 eng d
035 _a(Sirsi) u2167
041 _aeng
245 _a`Build and Operate` road contract awarded
260 _c1996
350 _a0
490 _aFinancial Times
_v14 January 1996, 5(1)
520 _aThe first contract under the government`s Design, Build, Finance and Operate roads scheme (DBFO) has been awarded to a consortium of six companies.
650 _aA69
650 _aDBFO SCHEMES
650 _aDESIGN BUILD FINANCE AND OPERATE SCHEME
650 _aPRIVATE FINANCE INITIATIVE
650 _aROADBUILDING
690 _aTRANSPORT AND COMMUNICATIONS
942 _n0
948 _c04/03/1997
999 _c1306
_d1306